La comercialización de productos pesqueros (Registro nro. 22715)

Detalles MARC
000 -LEADER
fixed length control field 00393 a2200133 4500
001 - CONTROL NUMBER
control field ART_6196
005 - DATE AND TIME OF LATEST TRANSACTION
control field 20260410161825.0
008 - FIXED-LENGTH DATA ELEMENTS--GENERAL INFORMATION
fixed length control field 260409a
100 1# - MAIN ENTRY--PERSONAL NAME
Personal name Errazti, Elizabeth
245 10 - TITLE STATEMENT
Title La comercialización de productos pesqueros
700 1# - ADDED ENTRY--PERSONAL NAME
Personal name Bertolotti, María Isabel
700 1# - ADDED ENTRY--PERSONAL NAME
Personal name Pagani, Andrea Noemí
773 0# - HOST ITEM ENTRY
Title FACES
Related parts - Año 2, Nº 2 (jun. 1996)
Record control number REV5046

No hay ítems disponibles.